[Event "6th Open"]
[Site "Tanta City EGY"]
[Date "2003.12.09"]
[Round "3"]
[White "Doghri,N"]
[Black "Nanu,C"]
[Result "0-1"]
[WhiteElo "2313"]
[BlackElo "2463"]

1.e4 g6 2.d4 Bg7 3.Nc3 d6 4.Be3 Nf6 5.f3 a6 6.Qd2 b5 7.Bh6 Bxh6 8.Qxh6 Nbd7
9.Nh3 e5 10.dxe5 dxe5 11.a4 b4 12.Nd1 Qe7 13.Bc4 Nb6 14.Bb3 Bxh3 15.Qxh3 O-O
16.Qh6 a5 17.Ne3 Rad8 18.g4 Kh8 19.Qg5 Rd6 20.h4 Ng8 21.Qxe7 Nxe7 22.h5 Nc6
23.Rh3 Nd4 24.O-O-O Rfd8 25.Rdh1 g5 26.Bxf7 Nxa4 27.Bc4 Nb6 28.Bd3 h6 29.Re1 a4
30.Nf5 Rc6 31.Ne7 Rc5 32.Kb1 a3 33.bxa3 bxa3 34.Nf5 Na4 35.Nxd4 Nc3+ 36.Kc1 Rxd4
37.Kd2 a2 38.Ra1 Rb4 39.Rhh1 Kg7 40.Rhc1 Kf6 41.Ba6 Ke7 42.Bd3 Kd6 43.Bf1 Kc6
44.Bd3 Kb6 45.Re1 Ka5 46.Bf1 Ka4 47.Ba6 Rb2 48.Bc8 Kb4 49.Rec1 Ka3 50.Be6 Rb6
51.Bg8 Rd6+ 52.Ke3 Ra5 53.Bf7 Kb2  0-1

[Event "22nd SEA Games Standard"]
[Site "Ho Chi Minh City VIE"]
[Date "2003.12.10"]
[Round "4"]
[White "Wong Meng Kong"]
[Black "Liew Chee Meng Jimmy"]
[Result "1-0"]
[WhiteElo "2487"]
[BlackElo "2333"]

1.d4 d6 2.e4 g6 3.Nc3 Bg7 4.Be3 Nf6 5.Qd2 Ng4 6.Bg5 h6 7.Bh4 Nd7 8.Be2 Ngf6
9.f4 c5 10.d5 a6 11.Nf3 Qc7 12.a4 c4 13.O-O Rb8 14.e5 dxe5 15.fxe5 Ng4 16.e6 Nde5
17.Nxe5 Nxe5 18.exf7+ Nxf7 19.Bg3 Qb6+ 20.Kh1 Qxb2 21.Rab1 Qxc3 22.Qxc3 Bxc3
23.Bxb8 Ne5 24.Rf4 Bf5 25.Rxb7 O-O 26.g4 Bxc2 27.Bxe5 Bxe5 28.Rxc4 Bd1 29.Bxd1 Rf1+
30.Kg2 Rxd1 31.Rxe7  1-0

[Event "II Open"]
[Site "San Salvador ESA"]
[Date "2003.12.10"]
[Round "2"]
[White "Nedev,T"]
[Black "Juarez Flores,R"]
[Result "1-0"]
[WhiteElo "2480"]
[BlackElo "2161"]

1.e4 g6 2.d4 Bg7 3.Nc3 d6 4.Bg5 a6 5.Nf3 b5 6.Bd3 Nd7 7.a4 b4 8.Ne2 Ngf6
9.Qd2 h6 10.Be3 Ng4 11.Qxb4 Rb8 12.Qa3 Nxe3 13.fxe3 c5 14.a5 Qc7 15.Nf4 e6
16.O-O O-O 17.c3 c4 18.Bc2 Bb7 19.h3 Nf6 20.Nd2 Rbc8 21.Ne2 e5 22.d5 h5 23.Qb4 Nh7
24.Ra4 Bh6 25.Nxc4 Rfd8 26.Qb6 Qe7 27.Rb4 Rc7 28.Ba4 Bc8 29.Bc6 Ng5 30.Nd2 Rf8
31.Kh2 f5 32.exf5 gxf5 33.Rh4 Kh7 34.Rxh5 Rg8 35.Qb4 Qg7 36.Rf2 Qg6 37.Qh4 Rcg7
38.Rxh6+ Qxh6 39.Qxh6+ Kxh6 40.b4 Nf7 41.Nc4 Ng5 42.Nd2 Nh7 43.c4 Nf6 44.b5 Rh8
45.Rf3 Nh5 46.b6 Rhg8 47.Rf2 Kg6 48.Nf3 Kh6 49.Nh4 Kg5 50.Nf3+ Kh6 51.Nd2 e4
52.Nb3 f4 53.Nxf4 Nxf4 54.exf4 e3 55.Re2 Bxh3 56.Kxh3  1-0

[Event "II Open"]
[Site "San Salvador ESA"]
[Date "2003.12.11"]
[Round "4"]
[White "Rios,C"]
[Black "Castaneda,A"]
[Result "0-1"]
[WhiteElo "2100"]
[BlackElo "2245"]

1.e4 d6 2.d4 g6 3.Nc3 Bg7 4.Nf3 Nf6 5.h3 c6 6.Be3 O-O 7.Qd2 b5 8.Bd3 Nbd7
9.O-O a6 10.Bh6 c5 11.Bxg7 Kxg7 12.e5 Ne8 13.Be4 Rb8 14.Rad1 b4 15.Na4 Qa5
16.b3 c4 17.Qf4 d5 18.e6 fxe6 19.Qh4 Nef6 20.Ng5 dxe4  0-1

[Event "II Open"]
[Site "San Salvador ESA"]
[Date "2003.12.13"]
[Round "8"]
[White "Guillen,J"]
[Black "Juarez Flores,R"]
[Result "0-1"]
[WhiteElo "2220"]
[BlackElo "2161"]

1.e4 g6 2.d4 Bg7 3.Nc3 d6 4.Be3 c6 5.f3 b5 6.Qd2 Qa5 7.Bd3 Nd7 8.Nge2 Rb8
9.Nc1 Qc7 10.O-O Ngf6 11.a3 a6 12.b4 O-O 13.Nb3 Nb6 14.Bh6 Be6 15.Bxg7 Kxg7
16.f4 Nc4 17.Qe2 Nb2 18.f5 Bxb3 19.cxb3 Nxd3 20.Qxd3 e6 21.Rae1 exf5 22.exf5 Rbe8
23.Ne4 Nxe4 24.Rxe4 Rxe4 25.f6+ Kh8 26.Qxe4 d5 27.Qe7 Qc8 28.Rc1 Kg8 29.Qe3 Kh8
30.h3 Re8 31.Qh6 Rg8 32.Re1 Qf5 33.Rf1 Qe6 34.Qg5 Re8 35.Qh6 Qe3+ 36.Qxe3 Rxe3
37.Kf2 Re6 38.Kg3 h6 39.h4 Kh7 40.Rf3 Kg8 41.Kh3 Kf8 42.g4 g5 43.hxg5 hxg5
44.Rf5 Ke8 45.Rxg5 Rxf6 46.Rg8+ Kd7 47.Kg3 Rf1 48.Ra8 Rb1 49.Ra7+ Ke6 50.Rxa6 Rxb3+
51.Kf4 Rc3 52.Ra7 Rd3 53.Rc7 Rxd4+ 54.Ke3 Rc4 55.g5 Rc1 56.Rc8 Kf5 57.Rg8 Rc3+
58.Ke2 Rxa3 59.Rg7 Ke6 60.g6 fxg6 61.Rxg6+ Kd7 62.Kd2 Kc7 63.Rh6 Kb6 64.Rg6 Rh3
65.Rg4 Rh7 66.Kd3 Re7 67.Kc3 Re4  0-1

[Event "RUS-UKR Blitz g/3"]
[Site "bereg.ru INT"]
[Date "2003.12.14"]
[Round "2"]
[White "Moiseenko,A"]
[Black "Lubashov,A"]
[Result "0-1"]
[WhiteElo "2618"]
[BlackElo "2411"]

1.d4 g6 2.e4 Bg7 3.Nc3 d6 4.Be3 Nf6 5.f3 Nc6 6.Nge2 e5 7.d5 Ne7 8.Qd2 h5
9.O-O-O a6 10.Kb1 b5 11.Nc1 Bd7 12.a3 Qb8 13.b4 a5 14.Nb3 axb4 15.axb4 Nc8
16.Na5 Ke7 17.Kb2 Nb6 18.Nc6+ Bxc6 19.dxc6 Nc4+ 20.Bxc4 bxc4 21.b5 Ra5 22.Rb1 Rxb5+
23.Nxb5 Qxb5+ 24.Kc1 Qxc6 25.Qb4 Kd7 26.Qb5 Qxb5 27.Rxb5 Ra8 28.Kb2 Kc6 29.Rb4 d5
30.Ra1 Rxa1 31.Kxa1 d4 32.Bc1 c3 33.Rb8 Kd7 34.Ba3 Ne8 35.Ka2 f5 36.exf5 gxf5
37.Kb3 e4 38.fxe4 fxe4 39.Kc4 Be5 40.Kd5 Bxh2 41.Kxe4 Bg1 42.Kd3 Nf6 43.Bc5 Nd5
44.Bxd4 Nf4+ 45.Ke4 Bxd4 46.Kxf4 h4 47.Kg4 Bf2 48.Rb3 Be1 49.Kh3 Kd6 50.Rb4 Ke5
51.Rxh4 Bxh4 52.Kxh4 Kf6 53.g4 Kg6 54.g5 Kg7 55.Kg4 Kg6 56.Kf4 Kg7 57.Ke4 Kg6
58.Kd4 Kxg5 59.Kxc3 Kf5 60.Kc4 Ke6 61.Kc5 Kd7 62.Kd5 c6+ 63.Kc5 Kc7 64.c4 Kd7
65.Kb6 Kd6  0-1

[Event "RUS-UKR Blitz g/3"]
[Site "bereg.ru INT"]
[Date "2003.12.14"]
[Round "10"]
[White "Savinov,Vi"]
[Black "Lubashov,A"]
[Result "1-0"]
[WhiteElo "2482"]
[BlackElo "2411"]

1.e4 g6 2.d4 Bg7 3.Nc3 d6 4.Be2 Nc6 5.Be3 e5 6.Nf3 Bg4 7.dxe5 Bxf3 8.Bxf3 Nxe5
9.Be2 Nf6 10.f4 Ned7 11.O-O O-O 12.f5 Re8 13.Qd3 Ne5 14.Qd2 c6 15.Kh1 b5
16.a3 a5 17.Bf4 b4 18.axb4 axb4 19.Rxa8 Qxa8 20.Bxe5 dxe5 21.Nd1 Nxe4 22.Qxb4 c5
23.Qe1 Nd6 24.fxg6 hxg6 25.Qf2 Qc6 26.Bc4 Re7 27.Ne3 e4 28.Bd5 Qd7 29.c3 Re5
30.Ra1 Qe7 31.Ra6 Nf5 32.c4 Nxe3 33.Qxe3 Rf5 34.Ra8+ Kh7 35.g4 Rf3 36.Qxe4 Rf1+
37.Kg2 Qf6 38.g5 Qf2+ 39.Kh3 Re1 40.Qh4+ Qxh4+ 41.Kxh4 Bxb2 42.Rc8 Bd4 43.Bxf7 Kg7
44.Bd5 Rf1 45.Rc7+ Kf8 46.Kg3 Ke8 47.Kg2 Re1 48.Rc6 Re2+ 49.Kg3 Re3+ 50.Kg2 Re2+
51.Kf1 Rf2+ 52.Ke1 Rxh2 53.Re6+ Kd7 54.Re2  1-0

[Event "RUS-UKR Blitz g/3"]
[Site "bereg.ru INT"]
[Date "2003.12.14"]
[Round "13"]
[White "Vysochin,S"]
[Black "Lubashov,A"]
[Result "1-0"]
[WhiteElo "2584"]
[BlackElo "2411"]

1.e4 g6 2.d4 Bg7 3.Nc3 d6 4.Be3 Nc6 5.f3 e5 6.Nge2 exd4 7.Nxd4 Nge7 8.Qd2 h5
9.O-O-O Bd7 10.Bc4 Ne5 11.Be2 a6 12.h3 b5 13.f4 N5c6 14.g4 b4 15.Nd5 Nxd5
16.exd5 Ne7 17.Bf3 Qb8 18.gxh5 gxh5 19.Rhg1 Kf8 20.f5 Nxf5 21.Nxf5 Bxf5 22.Rxg7 Kxg7
23.Bd4+ Kh7 24.Qg5 Bg6 25.Bxh5 Qd8 26.Bf6 Qf8 27.Bxh8 Qxh8 28.Rf1 Qg7 29.Kb1 Re8
30.Bxg6+ fxg6 31.Qh4+ Kg8 32.Qxb4 Qe5 33.a3 Qxd5 34.Qg4 Qe6 35.Qg3 Kg7 36.h4 Qe5
37.Qg4 Re7 38.Rg1 Qe6 39.Qd4+ Qf6 40.Qd3 Re5 41.Qxa6 Qxh4 42.Qd3 Re1+ 43.Rxe1 Qxe1+
44.Ka2 Qe6+ 45.b3 Qf5 46.Qc3+ Kh6 47.Qxc7 Qe5 48.a4 g5 49.a5 g4 50.a6 g3
51.a7 Qd5 52.Qb8 g2 53.a8=Q Qxa8+ 54.Qxa8 g1=Q 55.Qh8+  1-0

[Event "RUS-UKR Blitz g/3"]
[Site "bereg.ru INT"]
[Date "2003.12.14"]
[Round "15"]
[White "Potkin,V"]
[Black "Moiseenko,A"]
[Result "0-1"]
[WhiteElo "2534"]
[BlackElo "2618"]

1.e4 g6 2.d4 Bg7 3.Nc3 d6 4.Bg5 c6 5.Qd2 Nd7 6.f4 b5 7.Nf3 Qa5 8.Bd3 Qb6
9.Ne2 c5 10.c3 Bb7 11.O-O Ngf6 12.Ng3 cxd4 13.cxd4 h6 14.Bh4 O-O 15.Rae1 Rfe8
16.Kh1 Rac8 17.e5 dxe5 18.fxe5 Bxf3 19.Rxf3 Qxd4 20.exf6 exf6 21.Rxe8+ Rxe8
22.Rf4 Qd5 23.Re4 Ne5 24.Qe2 f5 25.Bxb5 Rc8 26.Rf4 g5 27.Nxf5 Ng6 28.Rf1 gxh4
29.b3 h3 30.Bc4 Qc6 31.Bxf7+ Kh8 32.Bxg6 Qxg6 33.gxh3 Qc6+ 34.Qg2 Qxg2+ 35.Kxg2 Be5
36.Rf2 Kh7 37.Re2 Bf4 38.Re7+ Kg6 39.Nd4 Rd8 40.Re4 Bg5 41.Kf3 Bf6 42.Ne6 Rd2
43.Re2 Rd3+ 44.Re3 Rd2 45.Nf4+ Kf7 46.Re2 Rd4 47.Rc2 Rd7 48.Rc6 Re7 49.Ra6 Rd7
50.Rb6 axb6 51.Ke4 Rd4+ 52.Kf5 Rd1 53.Nh5 Rf1+ 54.Ke4 Rf2 55.a4 Rxh2 56.b4 Rxh3
57.Nf4 Rh4 58.a5 bxa5 59.bxa5 Bg5 60.Kd5 Rxf4 61.a6 Rb4 62.Kc5 Ra4 63.Kb5 Ra1
64.Kb6 h5 65.Kb5 Rxa6 66.Kc4 h4 67.Kd5 h3 68.Ke4 h2 69.Kf5 h1=Q 70.Kg4 Qg2+
71.Kf5 Ra5+  0-1

[Event "6th Open"]
[Site "Tanta City EGY"]
[Date "2003.12.15"]
[Round "8"]
[White "Jday,W"]
[Black "Manolache,M"]
[Result "0-1"]
[WhiteElo "2101"]
[BlackElo "2457"]

1.e4 d6 2.d4 g6 3.Nc3 Bg7 4.f4 Nf6 5.Nf3 O-O 6.h4 Bg4 7.Be2 c6 8.h5 Nxh5
9.Rh4 Bxf3 10.Bxf3 e5 11.Rh3 Nxf4 12.Bxf4 exf4 13.Qd2 Qf6 14.O-O-O Nd7 15.Ne2 c5
16.Rdh1 h5 17.g4 fxg3 18.Rxg3 cxd4 19.Bxh5 Ne5 20.Bg4 Qf2 21.Qg5 Nxg4 22.Qxg4 Rfc8
23.Kb1 Rc5 24.Rg2 Qe3 25.Rh3 Rg5 26.Qxg5 Qxh3 27.Nf4 Qe3 28.Re2 Qf3 29.Re1 Qf2
30.Nd3 Qh2 31.Qg4 Rd8 32.a3 Be5 33.Rg1 Kg7 34.Rg2 Qh6 35.Ka2 a5 36.Rf2 Qh5
37.Qg2 Qh4 38.Rf3 Rh8 39.Qf1 Qe7 40.Qe1 b6 41.Qd1 Rh2 42.Nf2 Qg5 43.Nd3 Qg2
44.Ne1 Qe2 45.Qxe2 Rxe2 46.Nd3 Rxc2 47.Kb1 Re2 48.Nc1 Rxe4 49.Rb3 Re1 50.Kc2 g5
51.Kd2 Re3 52.Rxb6 g4 53.Ne2 g3 54.b4 Rxe2+ 55.Kxe2 d3+ 56.Kxd3 g2 57.bxa5 g1=Q
58.Kc4 Qc5+  0-1

[Event "Christmas Open"]
[Site "Zadar CRO"]
[Date "2003.12.15"]
[Round "1"]
[White "Saric,Ib"]
[Black "Zeqiri,A"]
[Result "1-0"]
[WhiteElo "2415"]
[BlackElo "1890"]

1.e4 d6 2.d4 g6 3.Nc3 Bg7 4.g3 Nf6 5.Bg2 c6 6.a4 a5 7.Nge2 O-O 8.O-O e5 9.h3 Na6
10.Be3 exd4 11.Bxd4 Nc5 12.e5 Nd5 13.Nxd5 cxd5 14.exd6 Qxd6 15.Bxg7 Kxg7
16.Nc3 Bd7 17.Nxd5 Ne6 18.Qf3 f6 19.Rad1 Ng5 20.Qb3 Rad8 21.h4 Ne6 22.Nf4 Nd4
23.Qxb7 Rf7 24.Qd5 Qxd5 25.Bxd5 Nxc2 26.Bxf7 Kxf7 27.Rd2  1-0

[Event "ch-IND National A"]
[Site "Calicut IND"]
[Date "2003.12.20"]
[Round "23"]
[White "Satyapragyan,S"]
[Black "Harikrishna,P"]
[Result "1/2-1/2"]
[WhiteElo "2415"]
[BlackElo "2570"]

1.e4 g6 2.d4 Bg7 3.Nc3 d6 4.Nf3 Nd7 5.Bc4 e6 6.Bb3 a6 7.a4 b6 8.Ne2 Bb7 9.Ng3 Ngf6
10.Qe2 Qe7 11.O-O O-O 12.c3 e5 13.d5 c6 14.dxc6 Bxc6 15.Bg5 Nc5 16.Bc2 Ne6
17.Be3 Qb7 18.Rfd1 Rfd8 19.Ng5 Nf4 20.Qd2 h6 21.Nf3 g5 22.Qe1 Ng6 23.c4 Rac8
24.Nd2 Nh4 25.f3 d5 26.exd5 Bxd5 27.Nf5 Nxf5 28.Bxf5 Be6 29.Bxe6 fxe6 30.Bf2 e4
31.Rac1 Qc6 32.Nxe4 Nxe4 33.Rxd8+ Rxd8 34.Qxe4 Qxe4 35.fxe4 Bxb2 36.Rb1 Rd2
37.Bxb6 Rc2 38.Be3 Kf7 39.Rf1+ Ke8 40.Rf2 Rc3 41.Rxb2 Rxe3 42.Rb6 Rxe4 43.Rxa6 Kd7
44.c5 Rc4 45.Ra7+ Kc6  1/2-1/2

[Event "Christmas Open"]
[Site "Zadar CRO"]
[Date "2003.12.21"]
[Round "9"]
[White "Filipovic,Br"]
[Black "Loncar,R"]
[Result "1-0"]
[WhiteElo "2420"]
[BlackElo "2371"]

1.e4 g6 2.d4 d6 3.Nc3 Bg7 4.f4 Nf6 5.Nf3 O-O 6.e5 Ne8 7.Bc4 c5 8.dxc5 Nc6
9.cxd6 exd6 10.O-O Bg4 11.Be3 Bxf3 12.Qxf3 dxe5 13.Rad1 Nd4 14.Qd5 Qe7 15.fxe5 Ne6
16.Rxf7 Qxf7 17.Qxe6 Qxe6 18.Bxe6+ Kh8 19.Bc5 Rf4 20.g3 Rf3 21.Kg2 Rxc3 22.bxc3 Bxe5
23.Rd7 Bxc3 24.Rxb7 a5 25.a4 Nf6 26.Kf3 Re8 27.Re7 Rd8 28.Rf7 Rd1 29.Rf8+ Kg7
30.Rf7+ Kh8 31.Be3 Re1 32.Bc4  1-0

[Event "Open"]
[Site "Lilie Litomysl CZE"]
[Date "2003.12.26"]
[Round "1"]
[White "Stehno,P"]
[Black "Benda,R"]
[Result "1-0"]
[WhiteElo "2310"]
[BlackElo "2038"]

1.e4 d6 2.d4 g6 3.Nc3 Bg7 4.Be3 Nd7 5.Qd2 h6 6.Bc4 e6 7.Nge2 a6 8.a4 b6 9.f4 Ne7
10.Ng3 c5 11.f5 e5 12.dxc5 dxc5 13.Rd1 Ra7 14.O-O gxf5 15.exf5 Qc7 16.Nge4 f6
17.Nd6+ Kf8 18.Nf7 Rh7 19.Nd5 Qc6 20.Nd8 Qxa4 21.b3 Qa5 22.b4 cxb4 23.Nxe7 Qa3
24.Nxc8  1-0

[Event "19th Winter Open"]
[Site "Nice FRA"]
[Date "2003.12.26"]
[Round "1"]
[White "Dunis,A"]
[Black "Fassio,L"]
[Result "1-0"]
[WhiteElo "2399"]
[BlackElo "2123"]

1.e4 g6 2.d4 Bg7 3.Nc3 d6 4.Be3 c6 5.Qd2 b5 6.Bd3 Nd7 7.Nf3 Bb7 8.O-O a6
9.Rad1 Qc7 10.Ne2 Ngf6 11.Bh6 O-O 12.Ng3 e5 13.dxe5 Nxe5 14.Nxe5 dxe5 15.Nf5 Ne8
16.Nxg7 Nxg7 17.f4 exf4 18.Qc3 f6 19.Bxf4 Qe7 20.Bd6 Qf7 21.Rf2 Ne8 22.Bxf8 Qxf8
23.Rdf1 c5 24.e5 f5 25.Qb3+ Kh8 26.Bxf5 c4 27.Qe3  1-0

[Event "Open"]
[Site "Lilie Litomysl CZE"]
[Date "2003.12.27"]
[Round "3"]
[White "Zeleny,T"]
[Black "Benda,R"]
[Result "1-0"]
[WhiteElo "2262"]
[BlackElo "2038"]

1.e4 d6 2.d4 g6 3.Nc3 Bg7 4.Nf3 Nd7 5.Bg5 h6 6.Be3 e6 7.Qd2 a6 8.O-O-O b6
9.Ne1 Bb7 10.f3 Qe7 11.Kb1 O-O-O 12.Nd3 c5 13.Nc1 Ngf6 14.a4 Nb8 15.Qf2 Nc6
16.Nb3 Nd7 17.Be2 Rhf8 18.Rhe1 f5 19.exf5 gxf5 20.d5 exd5 21.Nxd5 Qe5 22.Bc1 f4
23.Bxa6 Qg5 24.Bb5 Bd4 25.Nxd4 Nxd4 26.Bxd7+ Kxd7 27.Re7+ Kc8 28.Nxb6+ Kb8
29.Rde1 Nc6 30.Nd7+ Rxd7 31.Rxd7 Qd5 32.Qd2 Nd4 33.Qa5 Nxc2 34.Rd8+ Rxd8
35.Qxd8+ Ka7 36.Qa5+ Kb8 37.Re8+  1-0

[Event "33rd Rilton Cup"]
[Site "Stockholm SWE"]
[Date "2003.12.27"]
[Round "1"]
[White "Miskulin,D"]
[Black "Hillarp Persson,T"]
[Result "0-1"]
[WhiteElo "2180"]
[BlackElo "2512"]

1.e4 g6 2.d4 Bg7 3.Nc3 d6 4.Nf3 a6 5.a4 b6 6.Be2 Bb7 7.O-O Nd7 8.d5 c6 9.dxc6 Bxc6
10.Nd4 Bb7 11.Be3 Ngf6 12.f3 O-O 13.Qd2 Rc8 14.Bh6 Bxh6 15.Qxh6 e5 16.Nb3 d5
17.exd5 Rxc3 18.bxc3 Nxd5 19.Qd2 Nf4 20.g3 Nxe2+ 21.Qxe2 Qc7 22.c4 Re8 23.a5 e4
24.axb6 Qxb6+ 25.c5 Qc7 26.Qe3 Qc8 27.Rae1 Re5 28.fxe4 Nxc5 29.Qf4 Qe8 30.Nxc5 Rxc5
31.Rb1 Bc8 32.Rf2 Rc6 33.Rd2 Kg7 34.Rbd1 Qe7 35.Qe3 Qe5 36.Qd4 Qxd4+ 37.Rxd4 Rxc2
38.R1d2 Rc7 39.Kf2 Be6 40.Ra4 Rc6 41.Rad4 Rc5 42.Rd6 a5 43.Ra6 Kh6 44.Ke3 Kg5
45.Kd4 Rb5 46.Rc6 Kg4 47.Rcc2 a4 48.Rc3 Ra5 49.Ra3 Bb3 50.Rb2 Rb5 51.Ke3 g5
52.Ra1 Rc5 53.Rf1 Be6 54.Ra1 Rc3+ 55.Kd4 Rc4+ 56.Ke3 Rc3+ 57.Kd4 Rb3 58.Rf2 a3
59.Rfa2 Rb4+ 60.Kc5 Rxe4 61.Rxa3 Kh3 62.Kd6 Kxh2 63.Ke7 Rg4 64.Kf6 h6 65.Kg7 Rxg3
66.Rxg3 Kxg3 67.Kxh6 g4 68.Kg5 Kh2  0-1

[Event "Christmas Open"]
[Site "Zurich SUI"]
[Date "2003.12.29"]
[Round "6"]
[White "Pikula,D"]
[Black "Melkumjanz,N"]
[Result "1-0"]
[WhiteElo "2494"]
[BlackElo "2322"]

1.e4 g6 2.d4 Bg7 3.Nc3 d6 4.Be3 c6 5.Qd2 f5 6.exf5 Bxf5 7.h3 Nf6 8.g4 Be4
9.Nxe4 Nxe4 10.Qd3 d5 11.Bg2 Nd6 12.Ne2 Qa5+ 13.c3 Qb5 14.Qc2 Nc4 15.Bc1 Nd7
16.Nf4 Nf8 17.O-O e5 18.b3 Nb6 19.Re1 O-O-O 20.a4 Qa5 21.dxe5 Nbd7 22.Ba3 Re8
23.Bd6 Bh6 24.Nd3 Ne6 25.b4 Qd8 26.c4 dxc4 27.Qxc4 Bf8 28.Nc5 Nb6 29.Qc2 Bxd6
30.exd6 Nxc5 31.bxc5 Nd7 32.Re7 Rhg8 33.Rae1 Ref8 34.Rxd7 Qxd7 35.Re7 Qd8
36.Qb3 b6 37.Qc4 Kb8 38.Qa6 Qxe7 39.dxe7 Rf7 40.Qe2 Re8 41.Qe5+ Kb7 42.Bxc6+ Kxc6
43.Qe6+  1-0

[Event "Open"]
[Site "Lilie Litomysl CZE"]
[Date "2003.12.31"]
[Round "8"]
[White "Kastner,K"]
[Black "Benda,R"]
[Result "0-1"]
[WhiteElo "2127"]
[BlackElo "2038"]

1.e4 g6 2.d4 Bg7 3.Nc3 d6 4.Be3 Nf6 5.f3 O-O 6.Qd2 Re8 7.O-O-O c6 8.Bh6 Bh8
9.g4 b5 10.Nce2 b4 11.Qxb4 Na6 12.Qd2 c5 13.dxc5 Nxc5 14.e5 Nfd7 15.exd6 Qb6
16.c3 Rb8 17.Nd4 exd6 18.Qc2 Ne5 19.h3 Ba6 20.b3 Bxf1 21.Rxf1 Rec8 22.Nge2 Ncd3+
23.Kb1 Qa6 24.Ka1 Nb4 25.Qd2 Nd5 26.f4 Nd3 27.Rf3 Nc5 28.Rb1 Ne4 29.Qd3 Qxd3
30.Rxd3 Nexc3 31.Nxc3 Nxc3 32.Rb2 Nb5 33.Rbd2 Rc5 34.Kb1 Na3+ 35.Kb2 Nc4+
36.Kc3 Nxd2+ 37.Kxd2 Rbc8 38.f5 Rd5 39.Nf3 Bc3+ 40.Ke2 Rxd3 41.Kxd3 Be5 42.fxg6 hxg6
43.Nxe5 dxe5 44.Be3 a6 45.h4 f6 46.a4 Kf7 47.b4 Ke6 48.Bc5 Kd5 49.Be7 e4+
50.Ke3 Rc3+ 51.Kd2 Rf3 52.h5 gxh5 53.gxh5 f5 54.h6 Rh3 55.Bg5 Kc4 56.b5 axb5
57.a5 Kc5 58.Be3+ Kc6 59.a6 b4  0-1

[Event "Hilton Chess Festival"]
[Site "Basel SUI"]
[Date "2004.01.01"]
[Round "1"]
[White "Pikula,D"]
[Black "Deubelbeiss,R"]
[Result "1-0"]
[WhiteElo "2532"]
[BlackElo "2152"]

1.e4 g6 2.d4 Bg7 3.Nc3 d6 4.Be3 a6 5.f4 b5 6.Bd3 Bb7 7.Nf3 Nd7 8.e5 dxe5
9.fxe5 Nb6 10.Ne4 Nd5 11.Bd2 Qc8 12.O-O Nh6 13.a4 Bc6 14.axb5 axb5 15.Qe2 Rb8
16.Ra5 b4 17.Nf6+ Bxf6 18.Bxh6  1-0

[Event "Hilton Chess Festival"]
[Site "Basel SUI"]
[Date "2004.01.01"]
[Round "2"]
[White "Gallagher,Jo"]
[Black "Melkumjanz,N"]
[Result "1-0"]
[WhiteElo "2524"]
[BlackElo "2319"]

1.e4 g6 2.d4 Bg7 3.Nc3 d6 4.Be3 c6 5.Qd2 f5 6.Nf3 fxe4 7.Nxe4 d5 8.Ng3 Nd7
9.Bd3 e5 10.dxe5 Nxe5 11.Nxe5 Bxe5 12.O-O-O Qf6 13.c3 Ne7 14.Rhe1 Qd6 15.Bc5 Qxc5
16.Rxe5 O-O 17.Qg5 Kf7 18.Ne4 dxe4 19.Rxc5 exd3 20.Rxd3 Bf5 21.Rf3 h6 22.Qxh6 Rh8
23.Qf4 b6 24.Re5 Nd5 25.Rxf5+ gxf5 26.Qxf5+  1-0

[Event "Open"]
[Site "Lilie Litomysl CZE"]
[Date "2004.01.01"]
[Round "9"]
[White "Schirmbeck,H"]
[Black "Benda,R"]
[Result "1-0"]
[WhiteElo "2117"]
[BlackElo "2038"]

1.e4 g6 2.d4 Bg7 3.Nc3 d6 4.Nf3 Nd7 5.Be2 e5 6.O-O Ngf6 7.Bg5 O-O 8.Qd2 Re8
9.Rad1 b6 10.dxe5 Nxe5 11.Nxe5 Rxe5 12.f4 Rxg5 13.fxg5 Nd7 14.Qd5 Rb8 15.Rxf7 Kh8
16.Qc6 Rb7 17.Qd5 Ne5 18.Rxg7 Qf8 19.Ba6 Kxg7 20.Bxb7 Bxb7 21.Qxb7 Qf4 22.Qxc7+ Kg8
23.Qd8+  1-0

[Event "ch-AUS"]
[Site "Adelaide AUS"]
[Date "2004.01.03"]
[Round "5"]
[White "Jovanovic,Pete"]
[Black "Reilly,T"]
[Result "0-1"]
[WhiteElo "2068"]
[BlackElo "2297"]

1.e4 d6 2.d4 g6 3.Nc3 Bg7 4.Be3 a6 5.Qd2 b5 6.Bd3 Bb7 7.f3 Nd7 8.d5 c6 9.dxc6 Bxc6
10.Nge2 Ngf6 11.Nd4 Bb7 12.O-O O-O 13.a4 bxa4 14.Nxa4 d5 15.exd5 Nxd5 16.Bf2 Qc7
17.Nb3 Be5 18.g3 Bd6 19.c4 Ne5 20.Qe2 Nxf3+ 21.Qxf3 Nf6 22.Bb6 Qc8 23.Qe2 Qc6
24.Kf2 Bb4 25.Rg1 h5 26.Na5 Ng4+ 27.Qxg4 Bxa5 28.Qd4 Qf3+  0-1

[Event "Hilton Chess Festival"]
[Site "Basel SUI"]
[Date "2004.01.03"]
[Round "5"]
[White "Burnier,D"]
[Black "Cicak,S"]
[Result "1-0"]
[WhiteElo "2297"]
[BlackElo "2528"]

1.d4 g6 2.e4 Bg7 3.Nc3 d6 4.Be3 a6 5.Nf3 Nf6 6.Qd2 b5 7.Bd3 Bb7 8.e5 Ng4
9.e6 f5 10.Ng5 O-O 11.O-O c5 12.Nf7 Qc7 13.d5 c4 14.Be2 Nxe3 15.fxe3 b4 16.Na4 c3
17.bxc3 Qa5 18.cxb4 Qxa4 19.e4 Nd7 20.exf5 Ne5 21.f6 exf6 22.Nxd6 Rfb8 23.e7 Qd7
24.e8=Q+ Rxe8 25.Nxe8 Rxe8 26.c4 f5 27.Rad1 Rd8 28.Qc2 Rc8 29.Qb3 a5 30.a3 Ba6
31.Rc1 Bf8 32.Rfd1 Bd6 33.Kh1 Qa7 34.Rc2 Qf2 35.Bf1 Qf4 36.g3 Qe4+ 37.Bg2 Qg4
38.Rdc1 Bxc4 39.Qe3 axb4 40.axb4 Re8  1-0

[Event "Hilton Chess Festival"]
[Site "Basel SUI"]
[Date "2004.01.04"]
[Round "7"]
[White "Balogh,C"]
[Black "Gallagher,Jo"]
[Result "1-0"]
[WhiteElo "2456"]
[BlackElo "2524"]

1.e4 g6 2.d4 Bg7 3.Nc3 d6 4.Bg5 Nd7 5.Qd2 c5 6.Nf3 h6 7.Be3 cxd4 8.Nxd4 Ngf6
9.f3 Ne5 10.O-O-O Bd7 11.g4 Rc8 12.h4 b5 13.Ncxb5 Rb8 14.Nc3 Qb6 15.Nb3 Nxf3
16.Qe2 Qb7 17.Qxf3 Bxg4 18.Qg2 Bxd1 19.Bb5+ Nd7 20.Rxd1 Bxc3 21.Bxd7+ Qxd7
22.bxc3 h5 23.e5 Qe6 24.Bxa7 Rc8 25.exd6 exd6 26.Bd4 O-O 27.Qg5 Kh7 28.Rf1 Rce8
29.Kb2 d5 30.Rf6 Qg4 31.Qxd5 Kg8 32.a4 Rb8 33.Qe5 Rfe8 34.Rxg6+  1-0

[Event "ch-Commonwealth"]
[Site "Mumbai IND"]
[Date "2004.01.11"]
[Round "2"]
[White "Priya,P"]
[Black "Murshed,N"]
[Result "0-1"]
[WhiteElo "2113"]
[BlackElo "2436"]

1.e4 g6 2.d4 Bg7 3.Nc3 d6 4.Nf3 Nf6 5.Be2 O-O 6.O-O c6 7.a4 Nbd7 8.Bf4 Qc7
9.e5 Nh5 10.Bg5 dxe5 11.Bxe7 Re8 12.d5 Nf4 13.d6 Qa5 14.Ng5 Bf6 15.Bxf6 Nxf6
16.Nce4 Nxe4 17.Nxe4 Kg7 18.Bc4 Be6 19.d7 Red8 20.Bxe6 Nxe6 21.Nd6 Qd5 22.Ne8+ Kf8
23.Qxd5 cxd5 24.Nf6 d4 25.Ng4 Rxd7 26.Nxe5 Rc7 27.f4 Ng7 28.Rf2 Nf5 29.Rd1 Rac8
30.Rdd2 Ne3 31.Rxd4 Rxc2 32.Rfd2 f6 33.Nf3 Rxd2 34.Rxd2 Rc4 35.Rd4 Ke7 36.Rxc4 Nxc4
37.b3 Na5 38.Nd2 Kd6 39.b4 Nc6 40.b5 Nd4 41.Ne4+ Ke7 42.Kf2 f5 43.Nc5 b6
44.Nd3 Nb3 45.Ne5 Nc5 46.Nc4  0-1

[Event "ch-Commonwealth"]
[Site "Mumbai IND"]
[Date "2004.01.14"]
[Round "5"]
[White "Sareen,V"]
[Black "Dzhumaev,M"]
[Result "0-1"]
[WhiteElo "2371"]
[BlackElo "2498"]

1.e4 g6 2.d4 Bg7 3.Nc3 d6 4.Bg5 c6 5.Qd2 Nd7 6.f4 b5 7.Nf3 b4 8.Nd1 a5 9.Bd3 c5
10.d5 Qc7 11.c4 bxc3 12.Nxc3 c4 13.Bc2 Ngf6 14.O-O Ng4 15.Rae1 h6 16.Bh4 Qb6+
17.Kh1 g5 18.fxg5 Nde5 19.Nxe5 Nxe5 20.Bf2 Qd8 21.Bd4 hxg5 22.Qxg5 Bf6 23.Rxf6 exf6
24.Qg7 Kd7 25.Rf1 Qg8 26.Ba4+ Kc7 27.Nb5+ Kb8 28.Qxg8 Rxg8 29.Rxf6 Ra6 30.Rxd6 Nd3
31.Rc6 Rxc6 32.dxc6 Rg6 33.c7+ Kb7 34.b3 Bd7 35.bxc4 Re6 36.c5 Nb4  0-1

[Event "ch-Commonwealth"]
[Site "Mumbai IND"]
[Date "2004.01.16"]
[Round "7"]
[White "Smirnov,P"]
[Black "Dzhumaev,M"]
[Result "1-0"]
[WhiteElo "2609"]
[BlackElo "2498"]

1.e4 g6 2.d4 Bg7 3.Nc3 d6 4.Bg5 c6 5.Qd2 b5 6.f4 Nd7 7.Nf3 b4 8.Ne2 Qb6 9.Ng3 c5
10.c3 cxd4 11.cxd4 Ngf6 12.Bd3 Bb7 13.f5 d5 14.e5 Ne4 15.Qe3 f6 16.exf6 exf6
17.Bh6 O-O 18.Nxe4 dxe4 19.Bc4+ Kh8 20.Nh4 Rfc8 21.Bf7 Qb5 22.fxg6 Ba6 23.Bxg7+ Kxg7
24.Qxe4 hxg6 25.Bxg6 Nf8 26.Nf5+ Kh8 27.Qh4+ Kg8 28.Bf7+  1-0

[Event "ch-Commonwealth"]
[Site "Mumbai IND"]
[Date "2004.01.18"]
[Round "9"]
[White "Sengupta,D"]
[Black "Koshy,V"]
[Result "1-0"]
[WhiteElo "2349"]
[BlackElo "2374"]

1.e4 d6 2.d4 g6 3.Nc3 Bg7 4.Be3 c6 5.Qd2 Nd7 6.Nf3 b5 7.Bd3 Bb7 8.a4 a6 9.O-O Qc7
10.Rfe1 Ngf6 11.Bh6 Bxh6 12.Qxh6 e5 13.axb5 cxb5 14.h3 O-O-O 15.Qe3 Qb6 16.b4 h6
17.Ra5 g5 18.Rea1 g4 19.hxg4 Nxg4 20.Qd2 Nb8 21.Nd5 Bxd5 22.exd5 Kb7 23.Bxb5 axb5
24.Qe2 Kc8 25.Rxb5 Qc7 26.dxe5  1-0

[Event "Itau Cup 450th Ann"]
[Site "Sao Paulo BRA"]
[Date "2004.01.18"]
[Round "3"]
[White "Milos,G"]
[Black "Bachmann,Ax"]
[Result "1-0"]
[WhiteElo "2594"]
[BlackElo "2225"]

1.e4 g6 2.d4 Bg7 3.Nc3 d6 4.Nf3 Nf6 5.Be2 c6 6.O-O O-O 7.a4 a5 8.Re1 Qc7
9.Bf4 Nbd7 10.e5 dxe5 11.Nxe5 Nxe5 12.Bxe5 Qb6 13.b3 Rd8 14.Bc4 Bf5 15.h3 h5
16.Qc1 Rac8 17.Re2 Nd5 18.Bxg7 Kxg7 19.Bxd5 cxd5 20.Nb5 Qf6 21.Qb2 Rc6 22.Rae1 Rdc8
23.c3 Bd3 24.Re3 Bxb5 25.axb5 R6c7 26.Qd2 Qg5 27.R1e2 Rxc3 28.Qxc3 Rxc3 29.Rxc3 b6
30.Rc7 Kf8 31.Re5 Qf6 32.Rc6 Qf4 33.Rc8+ Kg7 34.Rxe7 Qxd4 35.Rcc7 h4 36.Rxf7+ Kg8
37.Rfe7 Kf8 38.Re6 Qa1+ 39.Kh2 Qd4 40.Rcc6 Kf7 41.Re3 Kg7 42.Rc7+ Kf8 43.Rd7 Qc5
44.Rh7 Qd4 45.Rf3+ Ke8 46.Re3+ Kf8 47.Rhe7 Qf4+ 48.Kg1 d4 49.R7e4 Qd6 50.Rd3 Qc5
51.Rexd4 Qxb5 52.Rf3+ Kg7 53.Rxh4 Qd5 54.Rg4 b5 55.Rfg3 Qd6 56.Re3 Kh6 57.g3 Qd5
58.Rh4+ Kg7 59.Rf4 Qd1+ 60.Kh2 Qd5 61.h4 Qd1 62.Re7+ Kg8 63.Rb7 Qxb3 64.Rd4  1-0